000 01277nam0a2200349 4500
001 RU\NLR\BIBL_A\022361905
005 20250625195226.0
035 _a(NLR Aleph) 022361905
090 _a13261736
_c13261736
100 _a20241023d1931 |||y0rusy50 ca
101 0 _aava
102 _aRU
105 _ay z 000yy
181 0 _ai
_baxxe
182 0 _an
200 1 _aКӀал кӀквей кин лъугъараб жо
_fТ. ХӀусейнов
_gДагъистаналъул аллагъ гъечӀезулсаюз
203 _aТекст
_bвизуальный
_cнепосредственный
210 _aМахачкала
_cДагъ. хӀукуматалъул басма
_d1931
215 _a21 с.
_d22
300 _aЛатин. графика
541 1 _aПроисхождение уразы
_zrus
606 1 _aАтеистическая пропаганда
_91032623
_3RU\NLR\AUTH\6678562
606 1 _aИслам
_91049283
_3RU\NLR\AUTH\6687295
606 1 _aУраза
_92074849
_3RU\NLR\AUTH\661249870
686 1 _aЭ168.8
686 1 _aЭ38-5
700 1 _aХӀусейнов
_bТ.
_4070
790 1 _6z01541
_aГусейнов
_bТ.
_4070
852 _aNLR
_bОНЛ
_jАвар./3-21
942 _cBOOK
980 _aNB